| 000 | 01025cam a22003137a 4500 | ||
|---|---|---|---|
| 003 | CHAP | ||
| 005 | 20220817041217.0 | ||
| 008 | 971013s1990 r 00010 d | ||
| 010 | _a8783 | ||
| 011 | _a9755 | ||
| 035 | _a8990 | ||
| 040 | _cCHAP | ||
| 082 |
_a634.956 _bC63 |
||
| 110 |
_aComisión Nacional del Agua. México _925810 |
||
| 245 | 0 | _aEvaluación del programa de reforestación del proyecto Lago de Texcoco contrato GAVM-PT-FE-02-90 | |
| 260 |
_aMéxico, D. F. : _bComisión Nacional del Agua, _c1990 |
||
| 300 |
_a94 p. _e+ 1 plano _e+ 1 mapa |
||
| 590 |
_aBATCH-UPD _b10 _c20130110 _lUCH01 _h1343 |
||
| 590 |
_aBATCH-UPD _b10 _c20130410 _lUCH01 _h0843 |
||
| 590 |
_aBATCH-UPD _b10 _c20130914 _lUCH01 _h1712 |
||
| 590 |
_aCONVERSION _b10 _c20130109 _lUCH01 _h1306 |
||
| 650 | 1 | 4 |
_aLago de Texcoco. _964410 |
| 650 | 1 | 4 |
_aReforestación. _995474 |
| 700 | 0 |
_aArias Rojo, Héctor Manuel. _97073 |
|
| 710 | 0 | _aUACH. | |
| 901 | _aBK | ||
| 942 | _cLIBRO | ||
| 949 |
_a634.956 C63 _bBC _cESP _d-19470 _eESP _h84949 _i8990 _mD _si |
||
| 999 |
_c8783 _d8783 |
||